| 000 | 00000nam 2200000zi 4500 |
| 001 | 9.920506 |
| 003 | CaOODSP |
| 005 | 20241105150800 |
| 006 | m o d f |
| 007 | cr |n||||||||| |
| 008 | 230301t20232023qucad o f000 0 fre d |
| 040 | |aCaOODSP|bfre|erda|cCaOODSP |
| 043 | |an-cn--- |
| 086 | 1 |aIu71-1/2-2023F-PDF |
| 110 | 2 |aOffice de la propriété intellectuelle du Canada.|eauteur, |eorganisme de publication. |
| 245 | 10|aOffice de la propriété intellectuelle du Canada : |bstratégie d’affaires 2023-2028. |
| 264 | 1|aGatineau (Québec) : |bOffice de la propriété intellectuelle du Canada = Canadian Intellectual Property Office, |c[2023] |
| 264 | 4|c©2023 |
| 300 | |a1 ressource en ligne (28 pages) : |billustrations en couleur, graphiques en couleur |
| 336 | |atexte|btxt|2rdacontent/fre |
| 337 | |ainformatique|bc|2rdamedia/fre |
| 338 | |aressource en ligne|bcr|2rdacarrier/fre |
| 500 | |aPublié aussi en anglais sous le titre : Canadian Intellectual Property Office : 2023–2028 business strategy. |
| 610 | 26|aOffice de la propriété intellectuelle du Canada|xPlanification. |
| 610 | 26|aOffice de la propriété intellectuelle du Canada|xGestion. |
| 775 | 08|tCanadian Intellectual Property Office : |w(CaOODSP)9.920503 |
| 795 | |tOffice de la propriété intellectuelle du Canada - stratégie d’affaires quinquennale, 2017-2022 |w(CaOODSP)9.838202 |
| 856 | 40|qPDF|s2.15 Mo|uhttps://publications.gc.ca/collections/collection_2023/opic-cipo/Iu71-1-2-2023-fra.pdf |
| 856 | 4 |qHTML|sS.O.|uhttps://ised-isde.canada.ca/site/office-propriete-intellectuelle-canada/fr/strategie-daffaires-2023-2028-message-president |